02145cam a22003855a 4500999001700000001001000017003000900027005001700036008004100053020001800094020001500112040004300127082001900170100003900189245004300228250002000271264006700291264001100358300002800369336002600397337002800423338002700451490001900478504004100497520062200538650003601160650002701196651001001223653003701233655002401270942002301294952014701317952014001464952015501604 c17642d17614008765704EG-ScBUE20201128020954.0011227t2001 enk f b 001 0 eng d a9780719060205 a0719060206 aEG-ScBUEbengerdacEG-ScBUEdEG-ScBUE04a320.5bADA2221 aAdams, Ian,d1943-eauthor.93406810aPolitical ideology today /cIan Adams. aSecond edition. 1aManchester ;aNew York :bManchester University Press,c[2001] 4cc 2001 axi, 315 pages ;c25 cm. 2rdacontentatextbtxt 2rdamediaaunmediatedbn 2rdacarrieravolumebnc0 aPolitics today aIncludes bibliographical references. aAn introduction to political ideologies, this book explains the nature of ideology and its part in political life. It then examines liberalism, socialism, conservatism, marxism, anarchism and fascism in turn, taking a broadly historical approach to show how each has evolved. The new right in the 1980s is also discussed, together with more recent developments in religious and sexual politics. Adams shows that contemporary ideological thinking is thriving, despite the "end of ideology" proclaimed after the capitalist West's triumph in the Cold War. He also discusses prospects for future ideological developments. 7aPolitical science.2BUEsh91313 7aIdeology.2BUEsh91315 2BUEsh bBUSBOLcOctober2013cOctober2016 vReading book934232 2ddccBBk320.5 ADA 00102ddc40708BaccahaMAINbMAINc1STd2007-10-01ePurchasel14m117o320.5 ADAp000005985r2025-07-15 00:00:00s2017-11-21w2007-10-01yBB 00102ddc40708BaccahaMAINbMAINc1STd2013-10-10g240.00l10m30o320.5 ADAp000029390r2025-07-15 00:00:00s2018-10-11v300.00yBB 00102ddc40708BaccahaMAINbMAINc1STd2016-10-25ePurchaseg240.00h3634l6m21o320.5 ADAp000034549r2025-07-15 00:00:00s2018-10-14v300.00yBB